• 首页
  • 本馆介绍
  • 公告通知
  • 最新文献
  • 馆藏检索
  • 电子资源
  • 读者导购
  • 参考咨询
  • 我的图书馆
  • 登录
  • 详细信息显示
  • 放入我的书架
  • 预约/预借图书
  • 作者相关作品
  • 分类相关作品
  • 丛书相关作品
  • 出版社相关作品

书目信息

  • 表格格式
  • 工作单格式
  • 卡片格式
题名:
列宁文稿
    
 
作者: 列宁 著 ;黑龙江大学《列宁文稿》翻译组 译
分册: 第十卷  
出版信息: 北京   人民出版社  1979
页数: 670页
开本: 20cm
丛书名:
单 册:
中图分类: A21
科图分类:
主题词: 列宁著作--选集 , 列宁著作--文集
电子资源:
ISBN:
000 00715nam0 2200241 45
001 0179003618
005 20070719100543.67
010    @b精装@dCNY1.95
091    @a1001.1180
100    @a19950714d1979 em y0chiy0121 ea
101 1  @achi
102    @aCN@b110000
105    @ay z 000yy
200 10 @a列宁文稿@Alie ning wen gao@h第十卷@f列宁著@Flie ning zhu@g黑龙江大学《列宁文稿》翻译组译
210    @a北京@c人民出版社@d1979
215    @a670页@d20cm
606 0  @a列宁著作@x选集
606 0  @a列宁著作@x文集
690    @aA21@v4
701  1 @a列宁@Alie ning@4著
712 02 @a黑龙江大学《列宁文稿》翻译组@Ahei long jiang da xue lie ning wen gao fanyi zu@4译
801  0 @aCN@bNLC@c20070719
905    @dA21@e2:10
    
    列宁文稿.第十卷/列宁著/黑龙江大学《列宁文稿》翻译组译.-北京:人民出版社,1979
    670页;20cm
    
    
    ISBN (精装):CNY1.95
    
●
相关链接 在E读中查询图书 在五车中查询图书 在当当中查询图书 在豆瓣中查询图书


正题名:列宁文稿     索取号:A21/2:10         预约/预借

序号 登录号 条形码 馆藏地/架位号 状态 备注
1 0020727   001878677   密集书库/ [索取号:A21/2:10] 在馆    
2 0020728   000949772   第一样本阅览室/ [索取号:A21/2:10] 在馆    
3 0020729   202271914   密集书库/ [索取号:A21/2:10] 在馆    
4 0770400   207704000   密集书库/ [索取号:A21/2:10] 在馆    
唐山师范学院图书馆 欢迎您!
大连网信软件有限公司© 版权所有